La filosofía alemana /

Na minha lista:
Detalhes bibliográficos
Autor principal: Dupuy, Maurice (autor)
Formato: Livro
Idioma:espanhol
Publicado em: Barcelona, España : Oikos-Tau, 1976, c1976
Colecção:(¿Qué sé? ; 114)
Assuntos:
Tags: Adicionar Tag
Sem tags, seja o primeiro a adicionar uma tag!

MARC

LEADER 00000nam^a2200000^a^4500
001 000412311
005 20250521000000.0
009 20260526144008.509
020 |a 84-281-0313-5 
037 |a Acervo Xavier Clavigero 
041 |a ESP 
082 |a 193.  |b DUP 
100 |a Dupuy, Maurice  |e (autor) 
245 1 3 |a La filosofía alemana /  |c M. Dupuy ; tr. por Alexandre Ferrer. 
264 4 |a Barcelona, España :  |b Oikos-Tau,  |c 1976, c1976 
300 |a 134 p. 
336 |a texto  |b txt  |2 rdacontenido 
337 |a sin mediación  |b n  |2 rdamedio 
338 |a volumen  |b nc  |2 rdasoporte 
440 1 |a (¿Qué sé? ;  |v 114) 
500 |a Traducción de: La philosophie allemande 
649 |a XX 
650 |a Filósofos Alemanes 
650 |a Vida -  |x Filosofía 
650 |a Ontología 
650 |a Metafísica 
650 |a Positivismo Lógico 
650 |a Existencialismo 
650 |a Fenomenología 
650 |a Marxismo 
650 |a Filosofía Alemana -  |x Historia y Crítica -  |x Tema Principal 
650 |a Leibniz, Gottfried Wilhelm 
650 |a Kant, Immanuel 
650 |a Fichte, Johann Gottlieb 
650 |a Schelling, Friedrich W.J. 
650 |a Schopenhauer, Arthur 
650 |a Nietzsche, Friedrich 
600 |a Hegel, Friedrich 
910 |a Fondo Víctor Raúl Durana Valerio S.J. 
920 |a Impresos - Libros 
930 |a Fondos Especiales 
905 |a 116 
901 |a 0500320855  |b IT2  |c ESP  |i D3597  |u 20250521 
902 |a https://opac.biblio.iteso.mx/vufind/Record/000412311